000 00409nam a2200145 i 4500
001 104487
003 ES-MaACL
005 20230906183621.0
007 t|
008 051130s1921 sp ||||1| spa d
100 1 _aMillares Cubas, Luis.
_981180
245 1 0 _aDoña Juana
_b: cuentos viejos /
_cLuis Millares Cubas.
260 _aLas Palmas :
_b[s.n.],
_c1921 (
_fTip. Diario)
852 _aES-MaACL
_j1610-F-16
999 _c104487
_d104487